India's Historic Battles: (Record no. 183903)

MARC details
000 -LEADER
fixed length control field 00551nam a22001817a 4500
005 - DATE AND TIME OF LATEST TRANSACTION
control field 20220106172724.0
010 ## - LCCN (DPL NO)
LC control number ENG-131000
020 ## - INTERNATIONAL STANDARD BOOK NUMBER
International Standard Book Number 978-93-89755-74-9
Terms of availability 295.00
035 ## - SYSTEM CONTROL NUMBER
System control number EN-114532
037 ## - SOURCE OF ACQUISITION
Source of stock number/acquisition DBAD
082 ## - DEWEY DECIMAL CLASSIFICATION NUMBER
Classification number 355.00954
100 ## - MAIN ENTRY--PERSONAL NAME
Personal name Roy, Kaushik
245 ## - TITLE STATEMENT
Title India's Historic Battles:
Statement of responsibility, etc Kaushik Roy
Remainder of title From Alexander the Great to Kargil/
260 ## - PUBLICATION, DISTRIBUTION, ETC. (IMPRINT)
Place of publication, distribution, etc Delhi
Name of publisher, distributor, etc Primus Book
Date of publication, distribution, etc 2020
270 ## - ADDRESS
City Delhi
Postal code 110009
Address Mukherjee Nagar, Commercial Complex
300 ## - PHYSICAL DESCRIPTION
Extent 196p.
Dimensions 23cm(pbk)
942 ## - ADDED ENTRY ELEMENTS (KOHA)
Source of classification or shelving scheme Dewey Decimal Classification
Item type English Books
Classification part 355.00954
Call number suffix ROY
Holdings
Withdrawn status Lost status Not for loan Collection code Home library Current library Date acquired Source of acquisition Cost, normal purchase price Full call number Barcode Copy number Cost, replacement price Koha item type
      Non-fiction Patel Nagar Patel Nagar 06/01/2022 DBAD/PUB 295.00 355.00954 ROY EN-114532 1 295.00 English Books

© Delhi Public Library
Hit Counter
free hit counter